El procedimiento de tutela laboral como resultado del fenómeno de la constitucionalización del derecho chileno
Salvato in:
| Autore principale: | |
|---|---|
| Natura: | Libro |
| Lingua: | spagnolo |
| Pubblicazione: |
Santiago
Editorial IUS Hurtado
2017
|
| Edizione: | 1a. ed |
| Serie: | Textos de Investigación Jurídica
|
| Soggetti: | |
| Tags: |
Aggiungi Tag
Nessun Tag, puoi essere il primo ad aggiungerne!!
|
MARC
| LEADER | 00000cam a2200000 a 4500 | ||
|---|---|---|---|
| 001 | UCD7799 | ||
| 003 | CL-VaPUC | ||
| 008 | 170407e20170100cl |||||||||||||||||spa|d | ||
| 020 | |a 9789569050053 | ||
| 082 | 0 | 4 | |a 344.8301 |b GUZ |2 21 |
| 100 | 0 | |a Guzmán Hurtado, Karol |e author |9 591751 | |
| 245 | 1 | 3 | |a El procedimiento de tutela laboral como resultado del fenómeno de la constitucionalización del derecho chileno |
| 250 | |a 1a. ed | ||
| 300 | |a 145 p | ||
| 942 | |c BK | ||
| 945 | |d 20170407 16:56:00 |a arojas | ||
| 260 | |a Santiago |b Editorial IUS Hurtado |c 2017 | ||
| 650 | 7 | |a DERECHO LABORAL |2 CL-VaPUC |9 15 | |
| 650 | 0 | |a Derecho constitucional |9 222588 | |
| 650 | 0 | |a Tutelas |9 384923 | |
| 651 | 7 | |a CHILE |2 CL-VaPUC |9 591752 | |
| 583 | |a last modification |c 20170407 16:56:00 |k Rodrigo Vera | ||
| 490 | 0 | |a Textos de Investigación Jurídica | |
| 999 | |c 367705 |d 367703 | ||
| 952 | |0 0 |1 0 |3 erb |4 0 |6 344_830100000000000_GUZ_2017 |7 0 |8 A |9 482724 |a BIBDER |b BIBDER |i 5371376 |l 1 |o 344.8301 GUZ 2017 |p 5371376 |r 2023-01-25 |s 2022-09-14 |w 2019-11-24 |y BK |z Catalogado en:20170407 |k DER | ||